000 00504nam a2200217 454500
001 076842
003 BD-ChCU
008 Eng
020 _ax
040 _aDLC
_cDLC
_dBD-ChCU
082 0 0 _a660.283/LEC
100 1 _aLevenspiel, Octave.
_bx
245 1 0 _aChemical reaction engineering
_bx
250 _a2 ed.
260 _aNew Delhi
_bWiley. Eastern,
_c1974
300 _axxi, 578p
504 _a
650 0 _aChemical Engineering
_bEngineering
700 1 _ac
942 _2ddc
_cBK
999 _c76842
_d76842